[Event "Titled Tuesday intern op 23rd Apr Late"]
[Site "Chess.com INT"]
[Date "2024.04.23"]
[Round "8"]
[White "Aliyev, Elnur Fakhraddin Og"]
[Black "Schuster, Karsten"]
[Result "1-0"]
[WhiteElo "2074"]
[BlackElo "2297"]
[PlyCount "63"]
[EventDate "2024.04.23"]
[EventType "swiss (blitz)"]
[EventRounds "11"]
[EventCountry "USA"]
[SourceTitle "CB18_2024"]
[SourceDate "2024.05.01"]
[SourceVersion "1"]
[SourceVersionDate "2024.05.01"]
[SourceQuality "2"]

1. e4 d5 2. exd5 Qxd5 3. Nc3 Qd8 4. d4 c6 5. Bf4 Nf6 6. Qd2 Bg4 7. h3 Bh5 8. Bc4 e6 9. Nge2 Bb4 10. a3 Ba5 11. 0-0-0 Ne4 12. Qe3 Nxc3 13. Nxc3 Bxd1 14. Rxd1 0-0 15. Ne4 Bc7 16. Bg5 Qe8 17. Nf6+ Kh8 18. Nxe8 Rxe8 19. Bf4 Bxf4 20. Qxf4 Re7 21. Qd6 Re8 22. Qc7 b5 23. Qxf7 Na6 24. Bxe6 Rf8 25. Qb7 Rae8 26. Bf7 Rd8 27. Qxa6 Rxf7 28. Qxc6 Rxf2 29. Re1 Rff8 30. d5 h6 31. d6 b4 32. d7 1-0

[Event "Titled Tuesday intern op 23rd Apr Late"]
[Site "Chess.com INT"]
[Date "2024.04.23"]
[Round "3"]
[White "Gubajdullin, Alexey"]
[Black "Schuster, Karsten"]
[Result "1-0"]
[WhiteElo "2229"]
[BlackElo "2297"]
[PlyCount "47"]
[EventDate "2024.04.23"]
[EventType "swiss (blitz)"]
[EventRounds "11"]
[EventCountry "USA"]
[SourceTitle "CB18_2024"]
[SourceDate "2024.05.01"]
[SourceVersion "1"]
[SourceVersionDate "2024.05.01"]
[SourceQuality "2"]

1. Nf3 b6 2. g3 Bb7 3. Bg2 Nf6 4. 0-0 e6 5. d3 d5 6. Nbd2 c5 7. Qe1 Be7 8. e4 dxe4 9. dxe4 0-0 10. e5 Nd5 11. c3 Qc8 12. Ne4 Nc6 13. Bg5 Bxg5 14. Nfxg5 h6 15. Nd6 Qc7 16. Nxb7 hxg5 17. Nd6 Rad8 18. f4 gxf4 19. gxf4 g6 20. Qg3 Nce7 21. f5 Nxf5 22. Rxf5 exf5 23. Bxd5 Kg7 24. Nxf5+ 1-0

[Event "Titled Tuesday intern op 23rd Apr Late"]
[Site "Chess.com INT"]
[Date "2024.04.23"]
[Round "5"]
[White "Schuster, Karsten"]
[Black "Chemin, Vitorio"]
[Result "1-0"]
[WhiteElo "2297"]
[BlackElo "2131"]
[PlyCount "81"]
[EventDate "2024.04.23"]
[EventType "swiss (blitz)"]
[EventRounds "11"]
[EventCountry "USA"]
[SourceTitle "CB18_2024"]
[SourceDate "2024.05.01"]
[SourceVersion "1"]
[SourceVersionDate "2024.05.01"]
[SourceQuality "2"]

1. c4 c5 2. Nf3 Nc6 3. g3 e6 4. Bg2 d5 5. cxd5 exd5 6. 0-0 Qf6 7. d4 cxd4 8. Bg5 Qg6 9. Na3 Bxa3 10. bxa3 Nf6 11. Bf4 0-0 12. Nxd4 Re8 13. Nxc6 bxc6 14. Rc1 Bd7 15. e3 Ne4 16. Qd4 Nd6 17. Bxd6 Qxd6 18. e4 Qxa3 19. exd5 cxd5 20. Bxd5 Rad8 21. Qf4 Qe7 22. Rfe1 Qxe1+ 23. Rxe1 Rxe1+ 24. Kg2 Re7 25. Qg5 Kf8 26. Bf3 h6 27. Qc5 a6 28. h4 Bb5 29. Qb6 Rde8 30. Qc5 Kg8 31. Qb4 Re1 32. a4 Bf1+ 33. Kh2 Rc1 34. Bh5 g6 35. Qf4 gxh5 36. Qxc1 Be2 37. Qc6 Re6 38. Qc8+ Kg7 39. f4 Bf3 40. Qc3+ Kg6 41. Qxf3 1-0

[Event "Titled Tuesday intern op 23rd Apr Late"]
[Site "Chess.com INT"]
[Date "2024.04.23"]
[Round "4"]
[White "Womacka, Mathias"]
[Black "Schuster, Karsten"]
[Result "1-0"]
[WhiteElo "2359"]
[BlackElo "2297"]
[PlyCount "81"]
[EventDate "2024.04.23"]
[EventType "swiss (blitz)"]
[EventRounds "11"]
[EventCountry "USA"]
[SourceTitle "CB18_2024"]
[SourceDate "2024.05.01"]
[SourceVersion "1"]
[SourceVersionDate "2024.05.01"]
[SourceQuality "2"]

1. e4 d5 2. exd5 Qxd5 3. Nc3 Qd8 4. d4 c6 5. Nf3 Nf6 6. Bc4 Bf5 7. Ne5 e6 8. g4 Bg6 9. h4 b5 10. Bb3 b4 11. Na4 Be4 12. f3 Bd5 13. Be3 Nbd7 14. Qe2 Bd6 15. Bf2 Qc7 16. Nxd7 Nxd7 17. 0-0-0 0-0-0 18. h5 h6 19. Kb1 Rhe8 20. Nc5 Nxc5 21. dxc5 Be5 22. Rhe1 Bf6 23. Be3 Qa5 24. f4 Qb5 25. Qxb5 cxb5 26. Bxd5 exd5 27. g5 Be7 28. gxh6 gxh6 29. Bd4 Bh4 30. Rg1 Re4 31. Be5 Bf2 32. Rg7 Bxc5 33. Rxf7 Rd7 34. Rxd7 Kxd7 35. Kc1 Ke6 36. Rf1 Be3+ 37. Kd1 Kf5 38. Re1 Bxf4 39. Bxf4 Kxf4 40. Rf1+ Kg5 41. Rf7 1-0

[Event "Titled Tuesday intern op 16th Apr Late"]
[Site "Chess.com INT"]
[Date "2024.04.16"]
[Round "2"]
[White "Schuster, Karsten"]
[Black "Kurtz, Eric M"]
[Result "0-1"]
[WhiteElo "2297"]
[BlackElo "2042"]
[PlyCount "94"]
[EventDate "2024.04.16"]
[EventType "swiss (blitz)"]
[EventRounds "11"]
[EventCountry "USA"]
[SourceTitle "CB17_2024"]
[SourceDate "2024.04.24"]
[SourceVersion "1"]
[SourceVersionDate "2024.04.24"]
[SourceQuality "1"]

1. c4 Nf6 2. Nc3 g6 3. d4 Bg7 4. e4 d6 5. Be2 0-0 6. Bg5 Nbd7 7. Qc1 c5 8. d5 Qa5 9. Bd2 a6 10. a4 Re8 11. f4 e6 12. Nf3 exd5 13. exd5 Qd8 14. 0-0 Nf8 15. Bd3 Bg4 16. Qc2 Rb8 17. h3 Bxf3 18. Rxf3 b6 19. f5 N8d7 20. fxg6 fxg6 21. Bf1 Ne5 22. Rf2 Rf8 23. Re1 Qd7 24. Bf4 Nh5 25. Bxe5 Bxe5 26. Rxf8+ Rxf8 27. Ne4 Ng3 28. Nxg3 Bxg3 29. Re6 Qf7 30. Bd3 Be5 31. Qe2 Qf4 32. Rxe5 Qxe5 33. Qxe5 dxe5 34. b3 a5 35. Be4 Rf4 36. Bf3 Rd4 37. Be2 Kf7 38. Kf2 Kf6 39. Ke3 e4 40. g3 Ke5 41. h4 h6 42. g4 g5 43. h5 Kf6 44. Bf1 Rd1 45. Bg2 Ke5 46. Ke2 Rd3 47. d6 Rxd6 0-1

[Event "Titled Tuesday intern op 16th Apr Late"]
[Site "Chess.com INT"]
[Date "2024.04.16"]
[Round "4"]
[White "Schuster, Karsten"]
[Black "Mullodzhanov, Nathaniel"]
[Result "0-1"]
[WhiteElo "2297"]
[BlackElo "1927"]
[PlyCount "94"]
[EventDate "2024.04.16"]
[EventType "swiss (blitz)"]
[EventRounds "11"]
[EventCountry "USA"]
[SourceTitle "CB17_2024"]
[SourceDate "2024.04.24"]
[SourceVersion "1"]
[SourceVersionDate "2024.04.24"]
[SourceQuality "1"]

1. c4 e5 2. d3 Nf6 3. Nf3 Nc6 4. g3 Bc5 5. Bg2 0-0 6. 0-0 d5 7. cxd5 Nxd5 8. Nc3 Nf6 9. Bg5 Be7 10. Rc1 h6 11. Bd2 Be6 12. a3 Re8 13. Na4 Bd5 14. Nc5 b6 15. Na4 Nd4 16. Nxd4 exd4 17. b4 Bxg2 18. Kxg2 Qd5+ 19. f3 Bd6 20. Nb2 b5 21. Bf4 Bxf4 22. gxf4 Ng4 23. Qd2 Ne3+ 24. Kh1 Nxf1 25. Rxf1 Re6 26. Nd1 Rae8 27. Rf2 c6 28. Rg2 g6 29. Qc2 h5 30. Kg1 Kg7 31. Kf1 Rf6 32. Nf2 Rxf4 33. Ne4 Rf5 34. Kf2 Rfe5 35. Kf1 Qe6 36. Ke1 Rf5 37. Kd1 Ra8 38. Qb2 Rd5 39. Rg5 a5 40. Rxd5 Qxd5 41. h4 axb4 42. axb4 Ra2 43. Qc1 Qb3+ 44. Ke1 Qxb4+ 45. Kf1 Qb2 46. Qxc6 Qxe2+ 47. Kg1 Qg2# 0-1

[Event "Titled Tuesday intern op 02nd Apr Late"]
[Site "Chess.com INT"]
[Date "2024.04.02"]
[Round "11"]
[White "Schuster, Karsten"]
[Black "Pesotskiy, Mikhail"]
[Result "1-0"]
[WhiteElo "2297"]
[BlackElo "2137"]
[PlyCount "107"]
[EventDate "2024.04.02"]
[EventType "swiss (blitz)"]
[EventRounds "11"]
[EventCountry "USA"]
[SourceTitle "CB15_2024"]
[SourceDate "2024.04.10"]
[SourceVersion "1"]
[SourceVersionDate "2024.04.10"]
[SourceQuality "1"]

1. c4 e5 2. d3 Nc6 3. Nf3 Nf6 4. g3 d5 5. cxd5 Nxd5 6. Bg2 Be7 7. 0-0 0-0 8. Nc3 Nb6 9. a4 a5 10. Be3 Nd5 11. Nxd5 Qxd5 12. Nd4 Qd7 13. Nxc6 bxc6 14. Qc2 Bb7 15. Rfc1 Ra6 16. Qc4 Rb8 17. Rc2 Bb4 18. Rac1 Bd6 19. b3 h6 20. d4 exd4 21. Bxd4 Raa8 22. Qc3 f6 23. Bc5 Bxc5 24. Qxc5 Ra6 25. Qc3 Qe6 26. Rd2 Rb6 27. Qxa5 Qxb3 28. Rd7 Qe6 29. Rxc7 Ra6 30. Qb4 c5 31. Qb5 Rb6 32. Qd7 Qxd7 33. Rxd7 Bxg2 34. Kxg2 Rb2 35. Rxc5 Rxe2 36. Rcc7 Rbb2 37. Rxg7+ Kh8 38. Rgd7 Rxf2+ 39. Kh3 Rxh2+ 40. Kg4 Rb8 41. Rh7+ Kg8 42. Rcg7+ Kf8 43. a5 Ra2 44. Rf7+ Kg8 45. Rhg7+ Kh8 46. Rh7+ Kg8 47. Rfg7+ Kf8 48. Ra7 Kg8 49. Kh5 Rxa5+ 50. Kxh6 Rxa7 51. Rxa7 Rb5 52. Rg7+ Kf8 53. g4 Re5 54. Kh7 1-0

[Event "Titled Tuesday intern op 27th Feb Late"]
[Site "Chess.com INT"]
[Date "2024.02.27"]
[Round "7"]
[White "Machidon, Cristi"]
[Black "Schuster, Karsten"]
[Result "0-1"]
[WhiteElo "2281"]
[BlackElo "2283"]
[PlyCount "52"]
[EventDate "2024.02.27"]
[EventType "swiss (blitz)"]
[EventRounds "11"]
[EventCountry "USA"]
[SourceTitle "CB10_2024"]
[SourceDate "2024.03.06"]
[SourceVersion "1"]
[SourceVersionDate "2024.03.06"]
[SourceQuality "1"]

1. d4 d5 2. Nf3 Nf6 3. Bg5 Ne4 4. Bh4 c6 5. Nbd2 Bf5 6. e3 Qb6 7. Rb1 Bg6 8. Nxe4 Bxe4 9. Nd2 Bg6 10. Be2 e6 11. 0-0 Bd6 12. b4 a6 13. Nb3 Qc7 14. Bg3 b6 15. Rc1 Bxg3 16. hxg3 h5 17. c4 h4 18. gxh4 Rxh4 19. g3 Rh7 20. Bf3 Qd7 21. a4 e5 22. dxe5 Qh3 23. Re1 Be4 24. Bxe4 dxe4 25. f3 Qh1+ 26. Kf2 Rh2# 0-1

[Event "Titled Tuesday intern op 27th Feb Late"]
[Site "Chess.com INT"]
[Date "2024.02.27"]
[Round "10"]
[White "Schuster, Karsten"]
[Black "Ambartsumova, Karina"]
[Result "0-1"]
[WhiteElo "2283"]
[BlackElo "2418"]
[PlyCount "88"]
[EventDate "2024.02.27"]
[EventType "swiss (blitz)"]
[EventRounds "11"]
[EventCountry "USA"]
[SourceTitle "CB10_2024"]
[SourceDate "2024.03.06"]
[SourceVersion "1"]
[SourceVersionDate "2024.03.06"]
[SourceQuality "1"]

1. Nf3 Nf6 2. e3 g6 3. b3 Bg7 4. Bb2 0-0 5. Be2 c5 6. 0-0 Nc6 7. d3 d5 8. Ne5 Qc7 9. Nxc6 Qxc6 10. f4 b6 11. Nd2 Bb7 12. Nf3 Rad8 13. Ne5 Qc7 14. a4 Rfe8 15. Qc1 a6 16. Bf3 b5 17. axb5 axb5 18. Ra7 Ra8 19. Rxa8 Rxa8 20. g3 Rd8 21. Qa1 Qb6 22. Kg2 d4 23. Bxb7 Qxb7+ 24. e4 Nxe4 25. dxe4 Bxe5 26. fxe5 Qxe4+ 27. Kg1 Qxc2 28. e6 fxe6 29. b4 e5 30. bxc5 Qxc5 31. Qa6 d3+ 32. Kg2 Qd5+ 33. Kh3 d2 34. Rd1 Qb3 35. Bxe5 Qxd1 36. Qe6+ Kf8 37. Bg7+ Ke8 38. Qg8+ Kd7 39. Qd5+ Kc7 40. Be5+ Rd6 41. Qc5+ Kd7 42. Qxb5+ Ke6 43. Bxd6 Qh5+ 44. Kg2 Qxb5 0-1

[Event "Titled Tuesday intern op 27th Feb Late"]
[Site "Chess.com INT"]
[Date "2024.02.27"]
[Round "5"]
[White "Schuster, Karsten"]
[Black "Martinez Fernandez, Adrian"]
[Result "0-1"]
[WhiteElo "2283"]
[BlackElo "2400"]
[PlyCount "100"]
[EventDate "2024.02.27"]
[EventType "swiss (blitz)"]
[EventRounds "11"]
[EventCountry "USA"]
[SourceTitle "CB10_2024"]
[SourceDate "2024.03.06"]
[SourceVersion "1"]
[SourceVersionDate "2024.03.06"]
[SourceQuality "1"]

1. Nf3 Nc6 2. d4 d5 3. c3 Nf6 4. Bf4 Bg4 5. h3 Bh5 6. e3 e6 7. Bb5 Bd6 8. Bg5 0-0 9. Nbd2 Ne7 10. Bxf6 gxf6 11. Bd3 f5 12. Qc2 c5 13. g4 Bg6 14. gxf5 Bxf5 15. Bxf5 Nxf5 16. dxc5 Bxc5 17. 0-0-0 Kh8 18. Kb1 Nh4 19. Nxh4 Qxh4 20. Nf3 Qf6 21. Nd4 Rg8 22. Rdg1 Rg7 23. Rxg7 Qxg7 24. a3 Rg8 25. Ka2 Qf6 26. Nb3 Bb6 27. Rd1 Rg2 28. Rd2 Qg6 29. Qd1 Rg1 30. Qc2 Qxc2 31. Rxc2 Rh1 32. c4 dxc4 33. Rxc4 Rxh3 34. Rf4 Kg7 35. a4 Rh2 36. a5 Bc7 37. Rc4 Bd6 38. Rd4 Be5 39. Rd2 h5 40. Nc5 b6 41. Nd7 Bc7 42. a6 h4 43. Rc2 Bd8 44. Rc8 Rxf2 45. Rxd8 Rd2 46. Rb8 Rxd7 47. Rb7 Rd5 48. Rxa7 h3 49. b4 h2 50. Rb7 h1Q 0-1

[Event "Titled Tuesday intern op 06th Feb Late"]
[Site "Chess.com INT"]
[Date "2024.02.06"]
[Round "3"]
[White "Schuster, Karsten"]
[Black "Shuvalova, Polina"]
[Result "0-1"]
[WhiteElo "2283"]
[BlackElo "2455"]
[PlyCount "80"]
[EventDate "2024.02.06"]
[EventType "swiss (blitz)"]
[EventRounds "11"]
[EventCountry "USA"]
[SourceTitle "CB07_2024"]
[SourceDate "2024.02.14"]
[SourceVersion "1"]
[SourceVersionDate "2024.02.14"]
[SourceQuality "1"]

1. Nf3 d5 2. d4 Nf6 3. Bf4 Bf5 4. c3 c6 5. e3 e6 6. Bd3 Bxd3 7. Qxd3 Bd6 8. Bxd6 Qxd6 9. 0-0 Nbd7 10. Nbd2 c5 11. e4 cxd4 12. Qxd4 e5 13. Qd3 0-0 14. exd5 Qxd5 15. Qxd5 Nxd5 16. Rfe1 f6 17. Nc4 Nc5 18. Rad1 Rfd8 19. g3 b5 20. Na5 Rac8 21. Rd2 Nb6 22. Red1 Rxd2 23. Rxd2 Kf7 24. Nh4 Ke6 25. Ng2 Nd5 26. Ne3 Nxe3 27. fxe3 Rc7 28. Kg2 h5 29. Kf3 f5 30. h4 g6 31. Rd8 Na4 32. Rd2 Rd7 33. Rc2 Rd1 34. b3 Nc5 35. c4 bxc4 36. Rxc4 Kd5 37. b4 Ne4 38. Rc7 Ra1 39. Rxa7 Rxa2 40. Rd7+ Ke6 0-1

[Event "Titled Tuesday intern op 16th Jan Late"]
[Site "Chess.com INT"]
[Date "2024.01.16"]
[Round "1"]
[White "Schuster, Karsten"]
[Black "Vestby Ellingsen, Mads"]
[Result "0-1"]
[WhiteElo "2275"]
[BlackElo "2329"]
[PlyCount "138"]
[EventDate "2024.01.16"]
[EventType "swiss (blitz)"]
[EventRounds "11"]
[EventCountry "USA"]
[SourceTitle "CB04_2024"]
[SourceDate "2023.10.16"]
[SourceVersion "1"]
[SourceVersionDate "2023.10.16"]
[SourceQuality "1"]

1. Nf3 b6 2. d4 Bb7 3. c3 Nf6 4. Bg5 e6 5. Nbd2 Be7 6. e3 0-0 7. Bd3 c5 8. Qc2 h6 9. Bh4 d6 10. 0-0 Nbd7 11. a4 a6 12. Rfe1 Qc7 13. Rac1 cxd4 14. cxd4 Qxc2 15. Rxc2 Rfc8 16. Rec1 Kf8 17. Rxc8+ Rxc8 18. Rxc8+ Bxc8 19. Kf1 Nd5 20. Bxe7+ Kxe7 21. Ke2 Nb4 22. Bc4 d5 23. Bb3 Kd6 24. Nb1 f6 25. Nc3 Nb8 26. Kd2 Bd7 27. Ne1 N8c6 28. g3 Na5 29. Bd1 Nc4+ 30. Kc1 e5 31. b3 Na5 32. Kb2 exd4 33. exd4 Nac6 34. Ne2 Bf5 35. Kc3 a5 36. Nc2 Bg4 37. Nxb4 axb4+ 38. Kd3 Bf5+ 39. Ke3 g5 40. Nc1 Na5 41. Nd3 Nc6 42. Bc2 Ke6 43. f4 Be4 44. Ne1 f5 45. Bxe4 dxe4 46. fxg5 hxg5 47. h4 gxh4 48. gxh4 Ne7 49. Nc2 Nd5+ 50. Kf2 f4 51. Kg2 Kf5 52. Kh3 e3 53. h5 f3 54. Kg3 f2 55. Kg2 Ke4 56. h6 Kd3 57. Nxe3 Nxe3+ 58. Kxf2 Ng4+ 59. Kf3 Nxh6 60. d5 Kc3 61. d6 Nf7 62. d7 Ne5+ 63. Ke4 Nxd7 64. Kd5 Kxb3 65. Kc6 Kxa4 66. Kxd7 b3 67. Kc6 b5 68. Kb6 b2 69. Kc5 b1Q 0-1

[Event "Titled Tuesday intern op 16th Jan Late"]
[Site "Chess.com INT"]
[Date "2024.01.16"]
[Round "11"]
[White "Xie, Tianming"]
[Black "Schuster, Karsten"]
[Result "0-1"]
[WhiteElo "1939"]
[BlackElo "2275"]
[PlyCount "95"]
[EventDate "2024.01.16"]
[EventType "swiss (blitz)"]
[EventRounds "11"]
[EventCountry "USA"]
[SourceTitle "CB04_2024"]
[SourceDate "2023.10.16"]
[SourceVersion "1"]
[SourceVersionDate "2023.10.16"]
[SourceQuality "1"]

1. Nf3 b6 2. e4 Bb7 3. Nc3 Nf6 4. e5 Nd5 5. d4 Nxc3 6. bxc3 e6 7. Bd3 c5 8. 0-0 Nc6 9. Be3 Rc8 10. Be4 Na5 11. d5 Nc4 12. Bf4 g6 13. Qd3 exd5 14. Bxd5 Bxd5 15. Qxd5 Na5 16. Ng5 Qe7 17. Ne4 Qe6 18. Nf6+ Kd8 19. Qf3 Be7 20. Rad1 Bxf6 21. exf6 Re8 22. Rd6 Qe4 23. Qh3 Rc7 24. Bg3 h5 25. Qh4 Qxh4 26. Bxh4 Re6 27. Rfd1 Rxd6 28. Rxd6 Rc6 29. Rd3 Nc4 30. Bg5 Re6 31. h4 Re1+ 32. Kh2 Ne5 33. Re3 Ng4+ 34. Kg3 Nxe3 35. Bxe3 Ra1 36. Kf4 Rxa2 37. Kg5 a5 38. Kh6 a4 39. Kg7 Ke8 40. f3 Rxc2 41. g4 a3 42. gxh5 gxh5 43. c4 a2 44. Bg5 a1Q 45. f4 Rxc4 46. Kh6 Rxf4 47. Kxh5 Rxf6 48. Bxf6 0-1

[Event "Titled Tuesday intern op 05th Sep Late"]
[Site "Chess.com INT"]
[Date "2023.09.05"]
[Round "4"]
[White "Baches Garcia, Guillermo"]
[Black "Schuster, Karsten"]
[Result "1/2-1/2"]
[WhiteElo "2327"]
[BlackElo "2309"]
[PlyCount "43"]
[EventDate "2023.09.05"]
[EventType "swiss (blitz)"]
[EventRounds "11"]
[EventCountry "USA"]
[SourceTitle "EXT 2024"]
[Source "ChessBase"]
[SourceDate "2023.10.10"]
[SourceVersion "1"]
[SourceVersionDate "2023.10.10"]
[SourceQuality "1"]

1. e4 d5 2. exd5 Qxd5 3. Nc3 Qd8 4. g3 Nf6 5. Bg2 c6 6. Nge2 Bg4 7. h3 Bh5 8. 0-0 e6 9. d3 Bc5 10. Rb1 a6 11. b4 Ba7 12. g4 Bg6 13. Bg5 Nbd7 14. Ne4 Qc7 15. Bf4 e5 16. Be3 Bxe3 17. Nxf6+ Nxf6 18. fxe3 h5 19. g5 Nd5 20. Qd2 Qb6 21. d4 0-0 22. c4 1/2-1/2

[Event "Titled Tuesday intern op 05th Sep Late"]
[Site "Chess.com INT"]
[Date "2023.09.05"]
[Round "6"]
[White "Gutierrez Olivares, Daniel"]
[Black "Schuster, Karsten"]
[Result "1-0"]
[WhiteElo "2354"]
[BlackElo "2309"]
[PlyCount "61"]
[EventDate "2023.09.05"]
[EventType "swiss (blitz)"]
[EventRounds "11"]
[EventCountry "USA"]
[SourceTitle "EXT 2024"]
[Source "ChessBase"]
[SourceDate "2023.10.10"]
[SourceVersion "1"]
[SourceVersionDate "2023.10.10"]
[SourceQuality "1"]

1. Nf3 Nf6 2. g3 c5 3. Bg2 Nc6 4. 0-0 e6 5. b3 Be7 6. Bb2 0-0 7. c4 d5 8. d3 b6 9. Nbd2 Bb7 10. a3 Rc8 11. Qc2 d4 12. e4 dxe3 13. fxe3 Ng4 14. Rae1 Bf6 15. Bxf6 Nxf6 16. Ng5 h6 17. Nh3 Qd7 18. Rxf6 gxf6 19. Ne4 Qe7 20. Qc3 Ne5 21. Nhf2 Rfd8 22. d4 cxd4 23. exd4 Ng6 24. d5 e5 25. Ng4 Kh8 26. Qe3 Qf8 27. Nexf6 Rd6 28. Rf1 Qg7 29. Nh5 Qf8 30. Nxe5 Kh7 31. Rxf7+ 1-0

[Event "Titled Tuesday intern op 05th Sep Late"]
[Site "Chess.com INT"]
[Date "2023.09.05"]
[Round "8"]
[White "Schuster, Karsten"]
[Black "Gavilan Diaz, Mario"]
[Result "1-0"]
[WhiteElo "2309"]
[BlackElo "2238"]
[PlyCount "121"]
[EventDate "2023.09.05"]
[EventType "swiss (blitz)"]
[EventRounds "11"]
[EventCountry "USA"]
[SourceTitle "EXT 2024"]
[Source "ChessBase"]
[SourceDate "2023.10.10"]
[SourceVersion "1"]
[SourceVersionDate "2023.10.10"]
[SourceQuality "1"]

1. Nf3 Nf6 2. d4 e6 3. b3 b6 4. Bb2 Bb7 5. e3 Be7 6. Be2 0-0 7. 0-0 d6 8. c4 Nbd7 9. Nc3 e5 10. dxe5 Nxe5 11. Nxe5 dxe5 12. Bf3 Qxd1 13. Raxd1 Bxf3 14. gxf3 Rfd8 15. Nb5 c6 16. Nc7 Rac8 17. Bxe5 Nd7 18. Bg3 h5 19. h3 h4 20. Bh2 Nc5 21. Rd4 Bf6 22. Rd6 Be7 23. Rd4 Bf6 24. Rd6 Rxd6 25. Bxd6 Bd8 26. Bxc5 bxc5 27. Na6 Bb6 28. Rd1 Re8 29. a3 Re6 30. b4 cxb4 31. axb4 c5 32. b5 g5 33. Rd5 f6 34. Nxc5 Re8 35. Nd7 Kg7 36. Nxb6 axb6 37. Rd6 Rc8 38. Rc6 Rb8 39. e4 Kf7 40. Kf1 Ke7 41. Ke2 Kf7 42. Ke3 Ke7 43. f4 Kf7 44. fxg5 fxg5 45. f4 gxf4+ 46. Kxf4 Kg7 47. Kg5 Re8 48. Rxb6 Rxe4 49. Rc6 Re3 50. Kxh4 Rc3 51. b6 Rb3 52. c5 Kf7 53. Rc7+ Kg6 54. b7 Rb4+ 55. Kg3 Kg5 56. c6 Rb3+ 57. Kf2 Kf4 58. Rc8 Rb2+ 59. Ke1 Ke3 60. Re8+ Kd3 61. b8Q 1-0

[Event "Titled Tuesday intern op 05th Sep Late"]
[Site "Chess.com INT"]
[Date "2023.09.05"]
[Round "2"]
[White "Schuster, Karsten"]
[Black "Ozates, Tuna"]
[Result "1-0"]
[WhiteElo "2309"]
[BlackElo "2309"]
[PlyCount "99"]
[EventDate "2023.09.05"]
[EventType "swiss (blitz)"]
[EventRounds "11"]
[EventCountry "USA"]
[SourceTitle "EXT 2024"]
[Source "ChessBase"]
[SourceDate "2023.10.10"]
[SourceVersion "1"]
[SourceVersionDate "2023.10.10"]
[SourceQuality "1"]

1. Nf3 Nc6 2. d4 d5 3. b3 Bg4 4. Bb2 Qd7 5. e3 0-0-0 6. Bb5 f6 7. Nbd2 a6 8. Be2 e6 9. Rc1 g5 10. a3 h5 11. c4 h4 12. h3 Bh5 13. cxd5 exd5 14. Qc2 Bd6 15. Bxa6 bxa6 16. Qxc6 Qxc6 17. Rxc6 Kb7 18. Rc1 Ne7 19. b4 Rhg8 20. Nb3 f5 21. Nc5+ Bxc5 22. Rxc5 c6 23. Ne5 Be8 24. Ke2 f4 25. Rhc1 Rd6 26. a4 fxe3 27. fxe3 Nf5 28. b5 Ng3+ 29. Ke1 cxb5 30. Rc7+ Kb6 31. Ba3 Rf6 32. Bc5+ Ka5 33. Nf3 Bh5 34. axb5 Bxf3 35. gxf3 Rxf3 36. Ra1+ Kxb5 37. Rb7+ Kc6 38. Rb6+ Kc7 39. Raxa6 Rf1+ 40. Kd2 Ne4+ 41. Kc2 Rf2+ 42. Kb3 Nd2+ 43. Ka4 Nc4 44. Ra7+ Kc8 45. Rbb7 Ra2+ 46. Kb5 Rb2+ 47. Bb4 Nd6+ 48. Kc6 Rc2+ 49. Kxd6 Rg6+ 50. Ke5 1-0

[Event "Titled Tuesday intern op 05th Sep Late"]
[Site "Chess.com INT"]
[Date "2023.09.05"]
[Round "1"]
[White "Willy, Stephen"]
[Black "Schuster, Karsten"]
[Result "1/2-1/2"]
[WhiteElo "1994"]
[BlackElo "2309"]
[PlyCount "117"]
[EventDate "2023.09.05"]
[EventType "swiss (blitz)"]
[EventRounds "11"]
[EventCountry "USA"]
[SourceTitle "EXT 2024"]
[Source "ChessBase"]
[SourceDate "2023.10.10"]
[SourceVersion "1"]
[SourceVersionDate "2023.10.10"]
[SourceQuality "1"]

1. e4 d5 2. exd5 Qxd5 3. Nc3 Qd6 4. d4 c6 5. Nf3 Bg4 6. h3 Bxf3 7. Qxf3 Nf6 8. Be3 e6 9. Bd3 Nbd7 10. 0-0 Qc7 11. Rfe1 Bd6 12. Ne4 Nxe4 13. Qxe4 Nf6 14. Qh4 Be7 15. Bf4 Qb6 16. Be5 Nd7 17. Qg3 Nxe5 18. dxe5 0-0 19. Rab1 Rfd8 20. a3 Rd4 21. Re3 Rad8 22. Rf3 Bf8 23. Qg5 g6 24. h4 Qc7 25. h5 Be7 26. Qg3 Bh4 27. Qh2 Bg5 28. hxg6 fxg6 29. Re1 Rf8 30. Qh3 Rxf3 31. Qxf3 Rf4 32. Qg3 Bh6 33. b4 Qf7 34. f3 Rd4 35. Qf2 Rd5 36. Qxa7 Bf4 37. Bc4 Rxe5 38. Qb8+ Qf8 39. Bxe6+ Kg7 40. Qxb7+ Kh6 41. Rxe5 Bxe5 42. Qxc6 Bd4+ 43. Kf1 Qf4 44. Qe4 Qc1+ 45. Ke2 Qg1 46. Qf4+ Kg7 47. Qf7+ Kh6 48. Qf8+ Kg5 49. Qe7+ Kh6 50. Qh4+ Kg7 51. Qe7+ Kh6 52. Qf8+ Kg5 53. f4+ Kh5 54. Bd5 Qe3+ 55. Kd1 Qg1+ 56. Kd2 Qe3+ 57. Kd1 Qg1+ 58. Ke2 Qe3+ 59. Kd1 1/2-1/2

[Event "Titled Tuesday intern op 18th Jul Late"]
[Site "Chess.com INT"]
[Date "2023.07.18"]
[Round "2"]
[White "Schuster, Karsten"]
[Black "Shapiro, Viktor"]
[Result "1/2-1/2"]
[WhiteElo "2309"]
[BlackElo "2144"]
[PlyCount "162"]
[EventDate "2023.07.18"]
[EventType "swiss (blitz)"]
[EventRounds "11"]
[EventCountry "USA"]
[SourceTitle "EXT 2024"]
[Source "ChessBase"]
[SourceDate "2023.10.10"]
[SourceVersion "1"]
[SourceVersionDate "2023.10.10"]
[SourceQuality "1"]

1. Nf3 Nf6 2. b3 c5 3. Bb2 Nc6 4. e3 g6 5. Be2 Bg7 6. 0-0 0-0 7. c4 a6 8. d4 d6 9. d5 Na5 10. Bc3 b5 11. Qd2 b4 12. Bb2 Ne4 13. Qc1 Bxb2 14. Qxb2 e6 15. dxe6 Bxe6 16. Nbd2 Qf6 17. Qxf6 Nxf6 18. Ng5 Rad8 19. Rad1 Nc6 20. Nde4 Ne8 21. f4 h6 22. Nxe6 fxe6 23. Bf3 Kf7 24. Nxd6+ Nxd6 25. Bxc6 Nf5 26. Kf2 g5 27. g3 Ke7 28. Be4 Nd6 29. Bc2 e5 30. Ke2 exf4 31. exf4 gxf4 32. Rxf4 Rxf4 33. gxf4 Rg8 34. Kf3 Kd7 35. f5 Kc6 36. h4 h5 37. Re1 Rg4 38. Re6 Kd7 39. Re5 Rxh4 40. Rxc5 Rd4 41. Rd5 Rxd5 42. cxd5 Ke7 43. Kf4 Kf6 44. Bd3 a5 45. Be2 h4 46. Bg4 Nb5 47. Ke3 Nc3 48. d6 Nxa2 49. Kd4 Nc3 50. Kc4 Ne4 51. d7 Ke7 52. Kd5 Nf6+ 53. Kc6 Kd8 54. Bh3 Nxd7 55. Kb5 Kc7 56. Kxa5 Kc6 57. Kxb4 Kd6 58. Kc4 Ne5+ 59. Kc3 Nf3 60. b4 Ng5 61. Bg2 h3 62. Bh1 Ke5 63. b5 Nf7 64. b6 Nd8 65. Kc4 Kxf5 66. Kd5 Kf6 67. Kd6 h2 68. Kd7 Ne6 69. Kd6 Nd8 70. Kc7 Ke7 71. Bg2 Ne6+ 72. Kc6 Nd8+ 73. Kc7 Ne6+ 74. Kc6 Nd8+ 75. Kd5 Kd7 76. Ke5 Nc6+ 77. Kf4 Na5 78. Kg3 Nc4 79. b7 Kc7 80. Kxh2 Nd6 81. Kg3 Nxb7 1/2-1/2